Principles of constraint programming

Αποθηκεύτηκε σε:
Λεπτομέρειες βιβλιογραφικής εγγραφής
Κύριος συγγραφέας: Apt, Krzysztof R. 1949-
Μορφή: Βιβλίο
Γλώσσα:English
Δημοσίευση: Cambridge ; New York : Cambridge University Press, 2003
Θέματα:
Ετικέτες: Προσθήκη ετικέτας
Δεν υπάρχουν, Καταχωρήστε ετικέτα πρώτοι!

MARC

LEADER 00000nam a2200000 i 4500
001 1/65550
008 041112s2003 eng d
020 |a 0-521-82583-0 
035 |l 10075235 
040 |a GR-MY-UA  |b gre  |e aacr 
041 0 |a eng 
082 0 |a 005.11 
100 1 |a Apt, Krzysztof R.  |d 1949- 
245 1 0 |a Principles of constraint programming /  |c Krzysztof R. Apt. 
260 |a Cambridge ; New York :   |b Cambridge University Press,   |c 2003 
300 |a xii, 407 σ.;  |b εικ.;  |c 26 εκ. 
504 |a Περιέχει βιβλιογραφικές αναφορές και ευρετήριο 
650 0 0 |a Constraint programming (Computer science) 
852 |a INST  |b SAMOS  |e 20041112  |h 005.11 APT  |p 005300022779  |q 005300022779  |t BK  |y 0 
901 |a BIBL3-2004-3 
909 |a Σ  |b 114047 
920 |a ΔΙΕΥΡΥΝΣΗ  |b ΕΠΕΑΕΚ-ΤΜΠΕΣ  |y ΣΑΜΟΣ  |z 2004-10 
970 |a ΠΟΥΡΝΑΡΑΣ  |b ΔΗΜΗΤΡΗΣ  |z 2004/11/12